[Event "Reggio Emilia 54th"]
[Site "Reggio Emilia"]
[Date "2012.01.02"]
[Round "6"]
[White "Giri, Anish"]
[Black "Ivanchuk, Vassily"]
[Result "1-0"]
[WhiteElo "2714"]
[BlackElo "2775"]
[Annotator "Krasenkow,M"]
[PlyCount "101"]
[EventDate "2011.12.27"]
[EventType "tourn"]
[EventRounds "10"]
[EventCountry "ITA"]
[EventCategory "20"]
[SourceTitle "CBM 146"]
[Source "ChessBase"]
[SourceDate "2012.01.18"]
[SourceVersion "1"]
[SourceVersionDate "2012.01.18"]
[SourceQuality "1"]

1. d4 Nf6 2. c4 e6 3. Nf3 Bb4+ 4. Bd2 a5 5. g3 d6 6. Bg2 Nc6 7. O-O e5 (7...
Bxd2 {is a solid alternative.}) 8. Bg5 {[%cal Ra2a3] The most logical way to
fight for an advantage.} exd4 (8... h6 9. Bxf6 Qxf6 10. a3 e4 {1/2 Yrjola,J 
(2366)-Vorotnikov,V (2422)/Jyvaskyla 2011/CBM 143 Extra (22)} 11. Nh4 $1 g5 12.
Bxe4 $1 gxh4 13. Bxc6+ bxc6 14. axb4 Bh3 15. Re1 $16) 9. Nxd4 Nxd4 (9... Ne5 {
has been played several times by Russian IM Nikolay Vlassov:} 10. a3 (10. Qc2
$5 {may be even stronger, e.g.} h6 11. Bxf6 Qxf6 12. Nc3 Bxc3 13. Qxc3 O-O 14.
f4 Nd7 15. Nb5 Qd8 16. Rad1 Nf6 17. e4 Qe7 18. Rfe1 Ne8 19. e5 $16 {1-0 Bosch,
J (2454)-Richards,H (2209)/Gausdal 2002/CBM 087 ext (31)}) 10... Bc5 11. Nc3
Neg4 (11... O-O 12. Nd5 (12. b3 Neg4 13. Ne4 Bb6 14. Rc1 h6 15. Bxf6 Nxf6 16.
c5 dxc5 17. Nxc5 c6 $11 {1-0 Kiselev,S (2545)-Vlassov,N (2395)/Moscow 1996/CBM
056 ext (57)}) 12... Neg4 (12... Nxc4 13. Rc1 Ne5 14. Nb3 Ned7 15. Nxc5 dxc5
16. Nxf6+ Nxf6 17. Rxc5 c6 18. Qc1 $14 {1-0 Iskusnyh,S (2460)-Vlassov,N (2380)/
Moscow 1996/EXT 2000 (62)}) 13. b4 Ba7 14. bxa5 c6 15. Nxf6+ gxf6 {1/2 Neurohr,
S (2325)-Pritchett,C (2360)/Germany 1990/GER-chT (40)} 16. Bh4 $1 $14 {[%csl
Rf6]} Qxa5 $140 17. h3 Ne5 18. Bxf6) 12. Nd5 (12. Ne4 h6 (12... Bb6 13. h3 h6
14. Nxf6+ Nxf6 15. Be3 O-O 16. b4 c6 17. Nc2 Bc7 18. b5 $14 {1-0 Zarezenko,I 
(2230)-Vlassov,N (2467)/Tomsk 2001/CBM 083 ext (42)}) 13. Bxf6 Nxf6 14. Nxc5
dxc5 15. Nb5 Qe7 16. e4 O-O 17. e5 $5 (17. Qc2 Ng4 18. h3 Ne5 19. f4 c6 20. Nc3
Nxc4 $13 {0-1 Granovski,A-Vlassov,N (2440)/Moscow 1998/EXT 2000 (63)}) 17...
Qxe5 $140 18. Re1 $36) 12... c6 (12... h6 13. Bxf6 Nxf6 14. b4 Nxd5 15. bxc5
dxc5 (15... Nf6 16. Nb5 dxc5 17. Qxd8+ Kxd8 18. Rfd1+ Nd7 {1-0 Krylov,M (2404)
-Vlassov,N (2492)/Moscow 2005/EXT 2006 (34)} 19. Ra2 $16) 16. cxd5 cxd4 17.
Qxd4 O-O 18. Rfc1 Re8 19. Qc4 Re7 20. e4 $14 {0-1 Fridman,D (2559)-Vlassov,N 
(2467)/ICC INT 2001/CBM 081 ext (73)}) 13. Nxf6+ gxf6 (13... Nxf6 14. b4 $1 Bb6
15. b5 c5 16. Nc2 h6 17. Bxf6 Qxf6 18. Ne3 $16 {0-1 Sidorova,E (2243)-Vlassov,
N (2467)/Tomsk 2001/CBM 083 ext (77)}) 14. Bf4 Qb6 15. e3 a4 16. b4 axb3 17.
Nxb3 Ne5 18. a4 Be6 19. a5 Qb4 20. Rb1 $14 {1-0 Najer,E (2500)-Vlassov,N (2440)
/Moscow 1998/EXT 2000 (32)}) (9... Bd7 {is inferior:} 10. a3 (10. Nb5 Rc8 11.
N1c3 h6 12. Bxf6 Qxf6 13. Nd5 Qd8 14. f4 O-O 15. Kh1 Bc5 $13 {0-1 Filippov,V 
(2530)-Vlassov,N (2380)/Moscow 1996/EXT 2000 (45)}) 10... Bc5 11. Nb5 Rc8 12.
N1c3 h6 13. Bxf6 Qxf6 14. Nd5 $1 (14. Qd2 Qg5 15. e3 O-O 16. Nd5 Ne5 17. Nbxc7
Nxc4 18. Qc3 b5 19. a4 Nb6 20. axb5 Nxd5 21. Nxd5 Bxb5 $13 {1/2 Kobalia,M 
(2620)-Vlassov,N (2454)/Moscow 2002/CBM 088 (52)}) 14... Qd8 15. Rb1 O-O 16. b4
axb4 17. axb4 Ba7 18. Nxa7 Nxa7 19. b5 c6 20. Nb6 $1 Qxb6 21. bxc6 Qd8 22. cxd7
Qxd7 23. Rxb7 $18 {1-0 Dreev,A (2607)-Apicella,M (2539)/Kemer 2007/CBM 121 (39)
}) 10. Qxd4 h6 {This is the idea of GM Maxim Turov.} 11. Bxf6 {Consequent.
Retreats are harmless:} (11. Bf4 O-O 12. Nc3 Qe7 13. e4 Be6 14. b3 Qd7 15. Na4
Bxc4 16. Qxc4 b5 17. Qc1 bxa4 18. e5 dxe5 19. Bxe5 Ra6 20. Qxc7 axb3 21. axb3
Qd3 22. Rfd1 Qxb3 23. Bf1 Ne8 24. Qc8 Ra7 25. Rd8 Re7 26. Bd4 Qe6 27. Bc5 {
1/2 Banikas,H (2598)-Turov,M (2561)/Paleochora 2009/CBM 131 Extra}) (11. Bd2
Bc5 12. Qd3 O-O 13. Nc3 Ng4 14. b3 Re8 15. Rad1 Qe7 16. h3 Ne5 17. Qc2 Nc6 18.
Nd5 Qd8 19. Bc3 Nb4 20. Qb2 Nxd5 21. Rxd5 f6 {1/2 Tunik,G (2484)-Zaiatz,E 
(2392)/Voronezh 2010/CBM 137 Extra (49)}) 11... Qxf6 12. Qxf6 gxf6 {Which is
more important: Black's bishop pair or his poor pawn structure? GM Anish Giri
proves that it is the latter.} 13. a3 (13. Rc1 c6 14. Nc3 Ke7 (14... a4 15. e3
Be6 16. Ne2 Ke7 17. Nf4 Bc5 18. Be4 Ra5 19. Rab1 Rc8 20. b4 axb3 21. axb3 Bb6
22. b4 $14 {1/2 D'Costa,L (2425)-Turov,M (2630)/Haarlem 2011/CBM 144 Extra (28)
}) 15. Na4 Be6 16. e3 {1/2 Van der Stricht,G (2400)-Motwani,P (2503)/Aalst
2005/CBM 107 ext}) 13... Bc5 14. Nc3 c6 15. e3 (15. Rac1 Be6 16. Ne4 Ke7 17.
Rfd1 Rhd8 18. e3 a4 19. Bf1 Ra5 20. Rd2 Bb6 21. Nc3 {1-0 Postny,E (2649)-Riff,
J (2487)/Evry 2008/CBM 124 Extra (31)} f5 $11) (15. Ne4 Ke7 16. Nxc5 dxc5 17.
Rfd1 Be6 18. Rac1 Rhd8 19. Rd3 Rxd3 20. exd3 Rd8 21. Bf1 Rd4 $11 {1/2 Gromova,
I (2214)-Turova,I (2428)/Olginka 2011/CBM 141 Extra (33)}) 15... Ke7 (15... Be6
16. b4 $1 Ba7 17. b5 $1 Bxc4 (17... Kd7 18. Rfb1 $36) 18. bxc6 Bxf1 19. Kxf1
$36) (15... a4 $5) 16. Na4 {[%mdl 32] Preventing ...a5-a4.} h5 $6 {I don't
like this move. This pawn becomes weak very soon, and Black loses without
further obvious mistakes.} (16... Be6 $142 {with a solid position.}) 17. h4 Rg8
(17... Bg4 18. b4 $1 axb4 19. axb4 Bxb4 20. Rfb1 c5 21. Nb6 $16) 18. Rfc1 Ra7
19. Bf3 Bg4 (19... Rh8 {is ugly but may be more stubborn.}) 20. Bxg4 Rxg4 (
20... hxg4 $6 {[%csl Gh4]}) 21. Kf1 Ra8 22. b3 Ke6 23. Nc3 $1 {White needs
this knight to attack the h5 pawn.} Ke7 24. Ne2 Rgg8 25. Nf4 Rh8 26. Nd3 Bb6
27. Rab1 Kd7 28. Rc2 Bc7 29. Nf4 Rae8 30. b4 axb4 31. axb4 Ra8 32. b5 Ra4 33.
Rbb2 $1 {[%cal Yb2a2]} Ra5 34. Kg2 Ra4 35. Kf3 Raa8 (35... f5 36. Ra2 Rxa2 37.
Rxa2 Bb6 38. Ra4 $1 Kc7 39. bxc6 bxc6 40. Nd3 $18 {[%cal Yf3f4]}) 36. Ra2 Rxa2
37. Rxa2 {[%cal Yf3e4,Ye4f5]} d5 $6 {Desperation, which only hastens Black's
defeat.} 38. bxc6+ bxc6 39. cxd5 c5 40. Ra6 Bxf4 41. Kxf4 Rc8 42. Rc6 $1 Rxc6
43. dxc6+ Kxc6 44. g4 c4 45. e4 Kd6 46. f3 Ke6 47. Ke3 Ke5 48. gxh5 f5 49. h6
f4+ 50. Kd2 Kf6 51. h5 1-0

[Event "London FIDE GP 1st"]
[Site "London"]
[Date "2012.10.01"]
[Round "9"]
[White "Mamedyarov, Shakhriyar"]
[Black "Dominguez Perez, Leinier"]
[Result "1-0"]
[WhiteElo "2729"]
[BlackElo "2725"]
[Annotator "Krasenkow,M"]
[PlyCount "129"]
[EventDate "2012.09.21"]
[EventType "tourn"]
[EventRounds "11"]
[EventCountry "ENG"]
[EventCategory "20"]
[SourceTitle "CBM 151"]
[Source "ChessBase"]
[SourceDate "2012.11.13"]
[SourceVersion "1"]
[SourceVersionDate "2012.11.13"]
[SourceQuality "1"]

1. d4 Nf6 2. c4 e6 3. Nf3 Bb4+ 4. Nbd2 O-O 5. Qc2 c5 (5... d5 {is more
appropriate here.}) 6. dxc5 (6. a3 Bxd2+ 7. Bxd2 cxd4 8. Nxd4 d5 9. cxd5 Qxd5
10. e3 Bd7 11. Rc1 (11. Qb3 $5) 11... Nc6 $11 {1/2 Tsikrikonis,P (2023)-Ataman,
A (2231)/Chalkidiki 2008/CBM 123 Extra (35)}) 6... Bxc5 7. a3 b6 (7... d5 8. b4
$5 Be7 9. e3) 8. b4 Be7 9. Bb2 d6 10. g4 $5 {This continuation, popular in
many opening lines, is possible here, too. Of course, it is double-edged,
especially as White's king must now remain in the centre.} Bb7 11. g5 Nh5 12.
e3 $6 (12. Rg1 $142) 12... a5 $6 (12... Bxg5 {was quite possible. If} 13. Bg2 (
13. Rg1 Bf6) {then simply} 13... Nc6 $1 14. Nxg5 Qxg5 15. Rg1 Ne7 $1 {White's
compensation for the pawn is doubtful.}) 13. Rd1 $6 (13. Bd3 $142) 13... axb4
14. axb4 Nd7 (14... Bxg5 $1 {When a strong player sacrifices you a pawn "for a
strong attack" or even "to mate" you, it is sometimes very important not to
believe him :-).}) 15. Rg1 {Finally!} Qc7 16. Bd3 (16. Nd4 d5 $1) 16... g6 17.
Ke2 Rfc8 (17... e5 $5) 18. Ra1 Bf8 19. Rxa8 Bxa8 20. Ra1 d5 (20... b5 $142 $1
$132 {In the endgame after the text move White's centralised king will be a
merit, not a drawback.}) 21. cxd5 Qxc2 22. Bxc2 Bxd5 {[%mdl 4096]} 23. Ba4 Nb8
24. b5 Nd7 25. Bd1 Rc7 26. Nd4 Ng7 (26... h6 $142 $1 27. gxh6 (27. h4 hxg5 28.
hxg5 Bg7) 27... Bxh6 28. Nc6 (28. Bb3 Bb7 $5 29. Nc6 Bg7 $1) 28... Bg7 $1 29.
Ne7+ Kh7 30. Bxg7 Kxg7 31. Nxd5 exd5 {, and Black's d5 pawn is not weaker than
White's h2.}) 27. Nc6 $1 Bxc6 (27... Nc5 $142 28. Be5 Rc8 29. Na7 Ra8 30. Bc2
Ne8 31. e4 Bb7 32. Nc4 Nd7 33. Bg3 e5 $14) 28. bxc6 Rxc6 {Despite an extra
pawn, Black's position is dangerous due to White's strong bishop pair.} 29. Ra8
Nc5 $2 (29... Nf5 $1 {was the right move, very difficult to find. Black holds
on although White keeps unpleasant pressure:} 30. Ba3 (30. Ba4 b5 31. Bxb5 Rb6
32. Bxd7 Rxb2) 30... Nd6 31. Bxd6 (31. Ba4 b5) 31... Rxd6 32. Ne4 Rd5 $1 33.
Ra7 {[%cal Rd1b3,Ra7d7]} Re5 $1 34. Bc2 Nb8 35. Ra8 (35. Nf6+ Kg7 36. Ra8 Rc5
37. Be4 Rc8) 35... Nd7 36. Rd8 f5 $1 37. f4 $1 (37. gxf6 Nc5) 37... Rb5 38. Nd6
Rb2 39. Kd2 Nc5 40. Ra8 {[%cal Rd2c3]} Ne4+ 41. Nxe4 fxe4 42. Kc3 Rb5 43. Bb3
$36) 30. Nc4 $2 (30. Ba3 $142 $1 {tying up Black's pieces. Then White's knight
goes to e4 or c4 with decisive threats.}) 30... b5 $1 31. Ne5 Ra6 32. Rb8 Ra2
33. Rxb5 Ne8 $1 {Black has considerably improved his position.} 34. Kf3 Nc7 (
34... Ne4 $6 35. Rb8 $1 Nxg5+ 36. Kg2) 35. Rb8 Ra8 $6 {Black misses a nice
tactical solution:} (35... N5a6 $1 36. Rb7 Rxb2 37. Rxb2 Bg7 38. Nd3 $11 (38.
Kf4 $2 Nd5+ 39. Ke4 Nc5+)) (35... N7a6 $144 36. Rb5 (36. Rb6 Bg7 37. Bd4 Bxe5
38. Bxe5 Nd7) 36... Nc7 37. Rb6 Nd5 38. Rb8 Na6 39. Rb5 Ndc7 40. Rb7 Rxb2 {etc.
}) 36. Rxa8 Nxa8 37. Ng4 Be7 $2 {It was essential for Black not to allow the
exchange of his bishop for a knight:} (37... Nd7 $1 38. Ba4 (38. Nh6+ Bxh6 39.
gxh6 f5 {, and Black gets a lot of breeze}) 38... Nab6 39. Bb5 Bg7 40. Nf6+
Nxf6 41. gxf6 Bf8) 38. Nf6+ Bxf6 39. gxf6 {Unbelievably, this endgame is
probably lost for Black! His knights have no strongholds, and White gradually
encircles them.} Nc7 40. e4 Nd7 41. Ba4 Nb6 42. Bc6 Nc4 43. Bc3 e5 $6 {
Desperation. White quickly wins this pawn, after which his victory will be
certain.} 44. Ke2 Ne6 45. Kd3 Nb6 46. Bxe5 Nd7 47. Bc3 g5 48. Kc4 Ndf8 49. Kd5
Ng6 50. Kd6 Kf8 51. Bb4 Kg8 52. Bd5 Nef4 (52... Ngf8 53. Ke7 Ng6+ 54. Kd7 Ngf8+
55. Bxf8 Nxf8+ 56. Ke8) 53. Kd7 Nh5 54. Be7 Ne5+ 55. Ke8 g4 56. Bd8 Nf4 57. Bc7
Nfd3 58. Bxe5 Nxe5 59. Ba2 h5 60. Bd5 h4 61. Ba2 h3 62. Bd5 $22 Kh8 63. Bxf7 g3
64. fxg3 Ng4 65. Ke7 1-0

[Event "Thessaloniki FIDE GP"]
[Site "Thessaloniki"]
[Date "2013.05.27"]
[Round "5"]
[White "Kasimdzhanov, Rustam"]
[Black "Dominguez Perez, Leinier"]
[Result "0-1"]
[WhiteElo "2699"]
[BlackElo "2723"]
[Annotator "Krasenkow,M"]
[PlyCount "78"]
[EventDate "2013.05.22"]
[EventType "tourn"]
[EventRounds "11"]
[EventCountry "GRE"]
[EventCategory "21"]
[SourceTitle "CBM 155"]
[Source "ChessBase"]
[SourceDate "2013.07.16"]
[SourceVersion "1"]
[SourceVersionDate "2013.07.16"]
[SourceQuality "1"]

1. d4 Nf6 2. c4 e6 3. Nf3 Bb4+ 4. Bd2 Bxd2+ 5. Qxd2 d5 6. Nc3 O-O 7. e3 Qe7 8.
Rd1 (8. cxd5 {- see Bacrot - Dominguez in this issue.}) 8... a6 {Black is
waiting for Bf1-d3(e2). Then he can take on c4 gaining a tempo.} (8... dxc4 9.
Bxc4 c5 10. O-O (10. dxc5 $5 Qxc5 11. Bd3) 10... cxd4 {1/2 (10) Palatnik,S 
(2445)-Govedarica,R (2425) Trnava 1987} 11. Qxd4 Nc6 12. Qd6 $5) (8... b6 $5 9.
cxd5 exd5 10. Be2 Nbd7 11. O-O Bb7 12. Qc2 c5 13. Qf5 Rfd8 14. Ne5 Nf8 15. Rd2
Ne6 16. Ng4 {1/2 (16) Sisniega,M (2455)-Spassky,B (2590) Thessaloniki 1988}) (
8... Nbd7 9. Qc2 dxc4 (9... c6 10. a3 Rd8 11. cxd5 exd5 12. Bd3 c5 $6 13. dxc5
Nxc5 14. Nd4 Be6 15. O-O Rac8 16. Qb1 g6 17. Rc1 a6 18. h3 Rc7 19. Be2 Rcc8 20.
Bf3 Ncd7 21. Rfd1 $14 {1-0 (44) Nikolic,P (2674)-Kosic,D (2500) Plovdiv 2008})
10. Bxc4 c5 11. O-O cxd4 12. Nxd4 Nb6 13. Be2 Bd7 14. Bf3 Rab8 15. Ndb5 {
1/2 (56) Krasenkow,M (2545)-Kholmov,R (2485) Belgorod 1990} Bxb5 $1 16. Nxb5 a6
17. Nd6 Nbd5 $11) (8... Rd8 {is common; this place is appropriate for the rook
in case of ...d5xc4.} 9. Qc2 (9. Bd3 dxc4 10. Bxc4 c5 11. O-O Nc6 12. Qe2 Bd7
13. h3 cxd4 14. Nxd4 {1/2 (14) Seirawan,Y (2580)-Kavalek,L (2555) Estes Park
1986}) 9... Nbd7 (9... a6 10. cxd5 (10. e4 dxe4 11. Nxe4 Nc6 12. Nxf6+ Qxf6 13.
Qe4 Qg6 14. Bd3 Nb4 15. Qxg6 hxg6 16. Bb1 Bd7 17. Ne5 Nc6 18. Be4 $14 {1-0 (34)
Hecht,H (2405)-Zoler,D (2465) Schwarzach 1997 CBM 060 [Hecht]}) 10... exd5 11.
h3 Nc6 12. a3 Ne4 13. Nxe4 dxe4 14. Nd2 Bf5 15. Be2 Rd6 16. Qc5 Qd7 17. Nf1 Bg6
18. Ng3 f5 19. O-O Rf8 20. Rc1 $14 {1-0 (37) Sokolov,I (2644)-Krush,I (2460)
Reykjavik ISL 2013}) (9... dxc4 10. Bxc4 c5 11. O-O cxd4 12. exd4 (12. Nxd4 Bd7
13. Ne4 Nc6 14. Nf3 Be8 15. Nxf6+ Qxf6 {1/2 (15) Tal,M (2585)-Spassky,B (2580)
Germany 1989}) 12... Nc6 13. Rfe1 Qc7 14. Qe2 Ne7 $2 (14... h6 $11) 15. d5 Ng6
16. dxe6 Bxe6 17. Bxe6 Rxd1 18. Rxd1 fxe6 19. Qxe6+ Kh8 20. Ng5 h6 21. Nge4 Re8
22. Qd6 Qxd6 23. Nxd6 Rf8 24. Nxb7 {1-0 (24) Matlakov,M (2665)-Dominguez Perez,
L (2734) St Petersburg 2012}) 10. cxd5 $5 (10. a3 dxc4 (10... Nf8 11. Be2 dxc4
12. O-O c5 13. dxc5 {1/2 (13) Kallai,G (2462)-Kosic,D (2511) Hungary 2008}) 11.
Bxc4 c5 12. O-O Nb6 13. Be2 Bd7 14. Rd2 cxd4 15. Nxd4 Rac8 16. Rfd1 Na4 $11 {
1/2 (23) Jussupow,A (2620)-Andersson,U (2605) Belfort 1988}) (10. Be2 dxc4 11.
Bxc4 c5 12. O-O Nb6 13. Be2 Bd7 14. e4 cxd4 15. Rxd4 e5 16. Rd2 Bc6 17. Rfd1 {
1/2 (17) Kasparov,G (2595)-Andersson,U (2585) Luzern 1982}) (10. Bd3 c5 (10...
dxc4 $11) 11. cxd5 exd5 12. dxc5 Nxc5 13. Be2 Be6 14. O-O Nce4 15. Nxe4 dxe4
16. Nd4 Rac8 17. Qb1 Bg4 18. Bxg4 Nxg4 19. h3 Nf6 20. Rc1 Qd7 21. Rxc8 Rxc8 22.
Rc1 h5 {1/2 (22) Goldin,A (2530)-Balashov,Y (2540) Klaipeda 1988}) 10... exd5
11. Bd3 (11. g3 b6 $6 12. Bg2 Bb7 13. O-O c5 14. Rfe1 Rac8 15. Qf5 Nf8 16. Ne5
Ne4 17. Bxe4 dxe4 18. d5 Re8 19. Nc4 g6 20. Qf4 Rcd8 21. a4 $14 {1/2 (26)
Yanvarjov,I (2395)-Kholmov,R (2445) Moscow 1991}) 11... Nf8 12. h3 Ng6 13. O-O
c6 14. Rfe1 Re8 15. a3 Bd7 16. b4 Rac8 17. e4 dxe4 18. Nxe4 Nxe4 19. Bxe4 Be6
20. Qc5 Nf8 $1 $11 {1/2 (35) Nikolic,P (2620)-Andersson,U (2600) Tilburg 1987})
9. a3 (9. Qc2 dxc4 10. Bxc4 c5 11. dxc5 Qxc5 12. Ne4 Nxe4 13. Qxe4 Nd7 14. O-O
Nf6 15. Qd4 Qxd4 16. Nxd4 Bd7 17. f3 Rac8 18. Bb3 Rc5 19. Rc1 Rfc8 20. Rxc5 {
1/2 (20) Giri,A (2690)-Vitiugov,N (2720) Olginka 2011}) 9... Nbd7 10. cxd5 (10.
b4 $6 a5 $1 11. c5 e5 12. dxe5 Nxe5 13. Nxd5 Nxf3+ 14. gxf3 Nxd5 15. Qxd5 axb4
16. axb4 Qf6 $36) 10... exd5 11. Bd3 c6 12. Qc2 Re8 13. O-O Ne4 14. Rfe1 (14.
Bxe4 dxe4 15. Nd2 Nf6 $11 {[%cal Yc8f5]}) (14. Na4 $5 g6 $5 {[%cal Ye4d6,Yd7f6,
Yc8f5]}) 14... Ndf6 15. Ne5 Nxc3 16. Qxc3 Ne4 17. Qc2 f6 18. Bxe4 (18. Nf3 $5
$11) 18... dxe4 19. Nc4 Bg4 {Black has obtained good counterplay.} 20. Rc1 Rad8
21. Nd2 $6 {Too passive.} (21. Nb6 $142 {preventing ...Rd8-d5 and keeping a
possibility to play d4-d5.}) 21... Rd5 22. Qxe4 Qxe4 23. Nxe4 Rxe4 24. f3 Bxf3
25. gxf3 Rh4 $15 {[%csl Rh2][%mdl 4096]} 26. Rc5 $6 {A risky exchange as
Black's remaining rook will be much more active than White's.} Rxc5 27. dxc5
Rc4 (27... Kf7 28. Rd1 Ke8 29. Rd3 {[%cal Yd3b3]}) 28. Rd1 Kf8 29. b4 $2 {
Another passive move, after which Black obtains a decisive advantage.} (29. Rd7
{was an absolute must despite the fact that White loses his b2-pawn:} Rc1+ 30.
Kf2 Rc2+ 31. Kg3 Rxb2 32. h4 {with good drawing chances.}) 29... Ke7 30. Rd3 a5
$1 31. Rb3 ({It is essential that the pawn ending after} 31. bxa5 Rxc5 32. Rb3
Rb5 33. Rxb5 cxb5 {is winning for Black:} 34. e4 Kd6 35. Kf2 Kc5 36. Ke3 b4 37.
axb4+ Kxb4 38. Kd4 Kxa5 39. Kd5 (39. f4 Kb6 40. Kd5 Kc7) 39... b5 40. f4 Kb6
41. Kd6 b4 42. e5 b3 43. e6 b2 44. e7 b1=Q 45. e8=Q Qb4+ 46. Ke6 Qxf4 $19 {_|_}
) 31... a4 {Black creates a stronghold on b3 for his rook.} 32. Rd3 Rc2 33. e4
Re2 34. f4 {Otherwise White gradually gets into zugzwang, e.g.} (34. h3 g5 35.
Rc3 h5 36. Rd3 Rb2 37. Re3 h4 $22 38. Kf1 (38. Rd3 Rb3) 38... Rh2 $19) 34...
Rxe4 35. Rg3 Kf7 36. f5 Rf4 37. Rd3 Ke7 38. Rg3 Kf7 39. Rd3 Ke8 (39... Ke8 40.
Re3+ Kd8 41. Rd3+ Kc8 42. Re3 (42. Rg3 Rxf5 43. Rxg7 Rg5+) 42... Kb8 43. Kg2 (
43. Rg3 Rxf5 44. Rxg7 Rg5+ 45. Rxg5 fxg5 46. Kg2 Ka7 $19) 43... Rxf5 44. Re7 h5
{, and Black gradually wins.}) 0-1

[Event "Malmo"]
[Site "Malmo"]
[Date "1994.??.??"]
[Round "5"]
[White "Epishin, Vladimir"]
[Black "Andersson, Ulf"]
[Result "1-0"]
[WhiteElo "2675"]
[BlackElo "2620"]
[Annotator "Krasenkow,M"]
[PlyCount "105"]
[EventDate "1994.06.??"]
[EventType "tourn"]
[EventRounds "9"]
[EventCountry "SWE"]
[EventCategory "12"]
[SourceTitle "CBM 042"]
[Source "ChessBase"]
[SourceDate "1994.10.01"]
[SourceVersion "1"]
[SourceVersionDate "1994.10.01"]
[SourceQuality "1"]

1. d4 e6 2. c4 Nf6 3. Nf3 Bb4+ 4. Nbd2 b6 5. a3 Bxd2+ 6. Bxd2 Bb7 7. Bg5 d6 8.
e3 Nbd7 9. Qc2 c5 (9... Qe7 10. Rd1 Be4 11. Qa4 O-O 12. Bh4 a6 13. Bd3 Bxd3 14.
Rxd3 e5 15. Rd1 exd4 16. Rxd4 Ne5 17. O-O Nxf3+ 18. gxf3 Qe6 19. Bg3 a5 20.
Rfd1 Qe8 $10 {Epishin-Kosten/Geneva op/1993/}) 10. Rd1 Qc7 11. Be2 O-O 12. O-O
Rac8 13. Bh4 Be4 14. Qd2 Rfe8 15. Bg3 e5 16. dxe5 dxe5 17. Nh4 $1 $14 h6 18. f3
Bh7 19. Bd3 Bxd3 20. Qxd3 Nf8 21. Qd6 (21. Nf5 Rcd8 22. Qc3 Ng6) 21... Qxd6 22.
Rxd6 e4 (22... Nh5 23. Bf2 Rcd8 24. Rfd1 $16) 23. Nf5 exf3 24. gxf3 Kh7 (24...
Rcd8 $5 25. Rfd1 Rxd6 26. Rxd6 Kh7) 25. Rxf6 $5 gxf6 26. Nd6 Rcd8 27. Nxe8 Rxe8
28. Kf2 Rd8 29. Ke2 $16 Kg6 (29... f5 30. Rd1 $5) 30. b4 Rc8 (30... Ne6 $6 31.
Rg1 $1) 31. b5 Rd8 32. a4 Kf5 33. a5 Rd7 34. Ra1 Ng6 35. axb6 axb6 36. Ra6 Rb7
37. Ra8 Ne5 38. e4+ Ke6 $2 (38... Kg6 $1 39. Bxe5 fxe5 40. Ke3 $16) 39. Bxe5
Kxe5 (39... fxe5 40. Rh8 Ra7 41. Rb8) 40. Ke3 f5 41. Re8+ Kf6 42. e5+ Kg7 43.
Kf4 Rd7 44. Kxf5 Rd4 45. Rb8 Rxc4 46. Rxb6 Rh4 47. f4 $1 Rh5+ (47... Rxh2 48.
Rb7 Re2 49. Rc7 $18) 48. Kg4 Rxh2 49. Rb7 c4 50. f5 Kg8 51. Rb8+ Kh7 52. Rc8 c3
(52... Rg2+ 53. Kh3 Rb2 54. e6 $18) 53. b6 (53. b6 Rg2+ 54. Kh3 Rb2 55. e6 $18)
1-0